| 000 | 00406nam a22001577a 4500 | ||
|---|---|---|---|
| 999 |
_c9 _d9 |
||
| 005 | 20210925161010.0 | ||
| 008 | 160426b xxu||||| |||| 00| 0 eng d | ||
| 020 | _a81-7629-903-0 | ||
| 041 | _aeng | ||
| 082 | _b00056 | ||
| 100 |
_aDas & Gupta. Manass _96933 |
||
| 245 | _aResearch Methodology in Economics : Problem and issues | ||
| 260 |
_aNew Delhi _bDeep & Deep Pub. Pvt. Ltd |
||
| 300 | _a196 | ||
| 942 | _cBK | ||